Normal view
MARC view
Entry Corporate Name
001 - CONTROL NUMBER
- control field: 1401
003 - CONTROL NUMBER IDENTIFIER
- control field: ARRUPE
005 - DATE AND TIME OF LATEST TRANSACTION
- control field: 20130926125815.0
008 - FIXED-LENGTH DATA ELEMENTS
- fixed length control field: 130926|| aca||aabn | a|a d
040 ## - CATALOGING SOURCE
- Original cataloging agency: ARRUPE
- Transcribing agency: ARRUPE
110 ## - HEADING--CORPORATE NAME
- Corporate name or jurisdiction name as entry element: Catholic Church
- Form subdivision: Prayers and devotions.
670 ## - SOURCE DATA FOUND
- Source citation: Work cat.: (ARRUPE)0: Francis, of Assisi, Saint, 1182-1226. 1400, The prayers of Saint Francis /, [1996]